000 00848nam a2200229Ia 4500
003 OSt
005 20250521154846.0
008 191128s2018 ck jr 000 f spa d
020 _a9789584267313
040 _aCO-JMCR
_cCO-JMCR
041 _aspa
082 1 4 _aJ-N
_bBLUc
100 1 _aBlue Jeans,
_eautor
_96367
245 1 0 _aLa chica invisible /
_cBlue Jeans
250 _aPrimera edición
260 _aBogotá :
_bPlaneta,
_c2018
300 _a542 páginas ;
_c23 cm.
500 _aIncluye datos biográficos del autor
520 _aAurora Ríos es invisible para casi todos. Los acontecimientos del pasado han hecho que se aísle del mundo y que apenas se relacione. A sus diecisiete años, no tien amigos y está harta de que los habitantes de aquel pueblo hablen a sus espaldas.
650 1 4 _aNovela juvenil
_96368
942 _2ddc
_cBK
999 _c4480
_d4480